000 01686cam a22004454i 4500
003 PE-LiUPU
005 20250731173020.0
008 150623s r 000 0 d
020 _a0941037215
035 _a(Sirsi) i9780941037211
040 _aPE-LiUPU
_bspa
_cPE-LiUPU
_erda
049 _aPRUA
082 0 4 _a222.110 66
_bG93
_221
100 1 _aGunkel, Johannes Heinrich Hermann,
_eautor.
245 1 4 _aThe stories of Genesis /
_cJohannes Heinrich Hermann.
264 1 _aVallejo, CA :
_bBIBAL Press,
_c1994.
300 _a155 páginas ;
_c22 centímetros
336 _atext
_2rdacontent
337 _aunmediated
_2rdamedia
338 _avolume
_2rdacarrier
505 0 _aGenesis is a collection of stories. -The types of stories in Genesis. -The artistic form of the stories in Genesis. -The history of the transmission of the stories in oral tradition. -Yahwist, elohist, Jehovist, the Older Collections. -The priestly code and the final redaction.
526 _aSEG42
526 _aSEG41
526 _aSEG40
526 _aSEG39
526 _aP94
526 _aP87
526 _aP86
526 _aP85
526 _aP77
526 _aP76
526 _aP35
630 _aBiblia.
_pA.T.
_PG énesis
_xCrítica, interpretación, etc.
942 _2ddc
_cBOOK
949 _a222.110 66 G93
_wDEWEY
_c1
_i47429
_lCCODEBUL1
_mBUL
_r0
_sY
_tBOOK
_u2015-6-24
_xTEOLOGIA
_PP35
_0COMPRA
_o.STAFF. Colección General
994 _aC0
_bPEPRU
596 _a1
999 _a222.110 66 G93
_wDEWEY
_c23987
_i47429
_f2021-11-9
_g6
_lCCODEBUL1
_mBUL
_r0
_sY
_tBOOK
_u2015-6-24
_xTEOLOGIA
_PP35
_0COMPRA
_o.STAFF. Colección General
_d23987
980 _81
_gALBERTO SANCHEZ Responsable de Automatización